Clinical use of mechanical ventilation /

Bibliographic Details
Other Authors: Rattenborg, Christen C., Via-Reque, Enrique
Format: Book
Language:English
Published: Chicago : Year Book Medical Publishers, [1981]
Subjects:

MARC

Tag First Indicator Second Indicator Subfields
LEADER 00000pam a2200000 i 4500
001 in00000088875
005 20151008063308.0
008 801006s1981 ilua b 00100 eng
010 |a  80025269  
020 |a 0815170726 :  |c $16.00 (est.) 
035 |a (OCoLC)06889500 
035 |9 AAK1962AM 
040 |a DLC  |c DLC  |d m.c.  |d TXA  |d UtOrBLW 
049 |a TXAM  |c [932751] 
050 0 0 |a RC87.9  |b .C56 
060 0 |a WB 342 R237c 
082 0 |a 617/.540636  |2 19 
245 0 0 |a Clinical use of mechanical ventilation /  |c edited by Christen C. Rattenborg, Enrique Via-Reque. 
264 1 |a Chicago :  |b Year Book Medical Publishers,  |c [1981] 
264 4 |c ©1981 
300 |a xx, 363 pages :  |b illustrations ;  |c 23 cm. 
336 |a text  |b txt  |2 rdacontent 
337 |a unmediated  |b n  |2 rdamedia 
338 |a volume  |b nc  |2 rdacarrier 
504 |a Includes bibliographical references and index. 
650 0 |a Artificial respiration. 
650 0 |a Respirators (Medical equipment) 
650 2 |a Respiration, Artificial. 
650 2 |a Respiratory Therapy. 
650 0 |a Breathing apparatus. 
700 1 |a Rattenborg, Christen C. 
700 1 |a Via-Reque, Enrique. 
999 |a MARS 
999 f f |s b824483a-7052-3604-aee6-ff00fea465e7  |i 9d9f602a-0f5f-3448-9aec-247c5ef95f6f  |t 0 
952 f f |p ric  |a Texas A&M University  |b Rellis Campus  |c Joint Library Facility  |d Remote Storage  |t 0  |e RC87.9 .C56  |h Library of Congress classification  |i unmediated -- volume  |m A14806228920 
998 f f |a RC87.9 .C56  |t 0  |l Remote Storage